| 000 | 00951 a2200181 4500 | ||
|---|---|---|---|
| 003 | Nust | ||
| 005 | 20230530123143.0 | ||
| 040 | _cNust | ||
| 082 | _a005.133,LAF | ||
| 100 |
_aLafore, Robert _910251 |
||
| 245 |
_aObject- oriented programming in C++ / _cRobert Lafore. |
||
| 250 | _a3rd ed. / | ||
| 260 | _c1999 | ||
| 300 | _a924p | ||
| 505 | _aIntroduction (Page-1), The Big Picture (Page-9), C++ Programming Basics (Page-29), Loops and Decisions (Page-75), Structures (Page-131), Functions (Page-161), Objects and Classes (Page-215), Arrays and Strings (Page-263), Operator Overloading (Page-319), Inheritance (Page-371), Pointers (Page-429), Virtual Functions (Page-503), Streams and Files (Page-567), Multifile Programs (Page-633), Templates and Exceptions (Page-681), The Standard Template Library (Page-725), Object-Oriented Software Development (Page-801). | ||
| 650 |
_aObject- oriented programming in C++ _983915 |
||
| 942 |
_2ddc _cBKB |
||
| 999 |
_c209737 _d209737 |
||